banner koha

Problemas da inoculacao de soja em solos acidos (Registro n. 303746)

MARC details
000 -LÍDER
campo de controle de tamanho fixo 01057naa a22003017a 4500
001 - NÚMERO DE CONTROLE
campo de controle BR6500313
003 - IDENTIFICADOR DO NÚMERO DE CONTROLE
campo de controle BR-BrBNA
005 - DATA E HORÁRIO DA ÚLTIMA TRANSAÇÃO
campo de controle 20240918173300.0
007 - CAMPO FIXO DE DESCRIÇÃO FÍSICA--INFORMAÇÃO GERAL
campo de controle de tamanho fixo ta
008 - CAMPO DE DADOS FIXOS--INFORMAÇÃO GERAL
campo de controle de tamanho fixo 230509b bl.||||| |||| 00| 0 por d
040 ## - FONTE DA CATALOGAÇÃO
Instituição da catalogação original BR-BrBNA
Idioma da catalogação por
Instituição que transcreveu o registro Biblioteca Nacional de Agricultura
041 ## - CÓDIGO DE IDIOMA
Código do idioma do texto/trilha sonora ou título diferente (Pt)
072 ## - CÓDIGO DE CATEGORIA DE ASSUNTO
Código de Categoria de Assunto P34
Código do objeto 0336
090 ## - NÚMERO DE CHAMADA LOCAL
Número de chamada P34 BR6500313
100 1# - ENTRADA PRINCIPAL--NOME PESSOAL
Nome pessoal Dobereiner, J.A.
100 1# - ENTRADA PRINCIPAL--NOME PESSOAL
Nome pessoal Arruda, N.B. de
100 1# - ENTRADA PRINCIPAL--NOME PESSOAL
Nome pessoal Penteado, A. de F.
111 1# - ENTRADA PRINCIPAL--NOME DO EVENTO
Nome do evento ou lugar 9. Congresso Internacional de Pastagens
Local do evento Sao Paulo, SP (Brazil)
Data do evento ou assinatura do tratado 7-20 Jan 1965
245 1# - TÍTULO
Título Problemas da inoculacao de soja em solos acidos
260 3# - PUBLICAÇÃO, DISTRIBUIÇÃO, ETC.
Local de publicação, distribuição, etc. Sao Paulo, SP (Brasil):
Data da publicação, distribuição, etc. 1965.
500 ## - NOTA GERAL
Nota geral Anais do 9. Congresso Internacional de Pastagens. V. 2<br/>Sao Paulo, SP (Brasil): 1965. p. 1153-1157<br/>(BR6500313-AM)P34<br/>
650 ## - ASSUNTO--TERMO TÓPICO
Cabeçalho tópico ou nome geográfico SOJA
650 ## - ASSUNTO--TERMO TÓPICO
Cabeçalho tópico ou nome geográfico INOCULACAO
650 ## - ASSUNTO--TERMO TÓPICO
Cabeçalho tópico ou nome geográfico ACIDEZ DO SOLO
773 0# - ENTRADA ANALÍTICA
Título Anais do 9. Congresso Internacional de Pastagens. V. 2
Número de controle do registro P34 BR6500313
Partes relacionadas Sao Paulo, SP (Brasil), 1965. p. 1153-1157
909 ## -
-- 202404
-- Lucia
-- 55
-- Lucia Elande
942 ## - ELEMENTOS DE ENTRADA ADICIONADOS (KOHA)
Tipo de material Koha Capítulo-Livro
Fonte da classificação ou esquema de arquivamento na estante Classificação AGRIS
Exemplares
Situação do descarte Fonte da classificação ou esquema de arquivamento na estante Situação física Não pode ser emprestado Coleção Biblioteca de origem Biblioteca atual Localização na estante Total de empréstimos Número de telefone completo Data de último acesso Número do exemplar Tipo de material Koha Situação das perdas Data de aquisição Fonte de aquisição
  Classificação AGRIS       Biblioteca Nacional de Agricultura - Binagri Biblioteca Nacional de Agricultura - Binagri Agrobase - Acervo Geral   1910 BR8900388 20/05/2024 01 Capítulo-Livro   2024-04-11 Portaria Interministerial nº 164/94

BINAGRI

Telefone: (61)3218-2567/2388/3357/2097 - binagri@agro.gov.br

Ministério da Agricultura e Pecuária , Esplanada dos Ministérios, Bloco D, Anexo B, Brasília/DF, CEP: 70.043-900